000 00618cam a22002171 4500
001 sa 68015942
003 DLC
005 20260227112650.0
008 700701s1965 ii a c 00010 eng
010 _asa 68015942 //r85
025 _aPL480:I-E-7059
043 _aa-ii---
050 0 _aQL71.I5
_bP7
100 1 0 _aPradhan, K. S.,
_d1918-
245 1 2 _aA guide to the zoological galleries [of the Indian Museum]
_cby K. S. Pradhan.
260 0 _aCalcutta,
_bIndian Museum,
_c1965.
300 _a78 p.
_billus.
_c22 cm.
350 _a1.15
650 0 _aZoology
_xCatalogs and collections.
610 2 0 _aIndian Museum.
999 _c86817
_d86817